[Event "Belgrade-chT Quality"]
[Site "Belgrade"]
[Date "2021.11.20"]
[Round "11.2"]
[White "Petrekanovic, Miroslav"]
[Black "Stojanovic, Dragan T"]
[Result "1-0"]
[WhiteElo "2141"]
[BlackElo "2187"]
[PlyCount "97"]
[EventDate "2021.10.16"]
[EventType "team-tourn"]
[EventRounds "11"]
[EventCountry "SRB"]
[SourceTitle "EXT 2023"]
[Source "ChessBase"]
[SourceDate "2022.10.05"]
[SourceVersion "1"]
[SourceVersionDate "2022.10.05"]
[SourceQuality "1"]
[WhiteTeam "Belgrade Banjica"]
[BlackTeam "Belgrade Zemun Teleoptic"]
[WhiteTeamCountry "SRB"]
[BlackTeamCountry "SRB"]

1. d4 Nf6 2. Nc3 d5 3. Bf4 c6 4. e3 Bf5 5. Nf3 h6 6. Ne5 e6 7. g4 Be4 8. Nxe4 Nxe4 9. c3 Be7 10. Bd3 Nd6 11. Qf3 Nd7 12. Ng6 Rg8 13. Nxe7 Qxe7 14. Qg3 Ne4 15. Bxe4 dxe4 16. Bd6 Qg5 17. h4 Qb5 18. 0-0-0 0-0-0 19. Bc7 Rde8 20. g5 h5 21. Bd6 f5 22. b3 g6 23. c4 Qa5 24. Kb2 Nb6 25. Rc1 Rd8 26. Rhd1 Rd7 27. Bc5 Na8 28. Qe5 Nc7 29. b4 Qa4 30. Bd6 Re8 31. a3 b6 32. Bxc7 Rxc7 33. d5 a5 34. d6 Rd7 35. b5 Kb7 36. Rd4 Ka7 37. Ka2 Kb7 38. c5 Qxb5 39. Rb1 Qe2+ 40. Rb2 Qe1 41. Rxb6+ Ka7 42. Rb2 Rb8 43. Rdd2 Rdb7 44. d7 Qc1 45. Qd4 Ka6 46. Rxb7 Rxb7 47. Rb2 Rxb2+ 48. Qxb2 Qc4+ 49. Ka1 1-0